000 00461nam a2200169Ia 4500
008 240729s9999 xx 000 0 und d
022 _a2005-4408
245 0 _aClinics in Orthopedic Surgery
260 _aKorea, Republic of
260 _bKorean Orthopaedic Association
650 _a Orthopedic surgery
650 _a Surgery
650 _aMedicine
856 _uhttps://doaj.org/toc/1d4ab5a2918648d89ecb5c903a7fc8c7
942 _2ddc
942 _cDOAJEJ
999 _c66078
_d66078
945 _a1
_bMadushi Gamage
_c1
_dMadushi Gamage